| 000 | 00576nam a22002177a 4500 | ||
|---|---|---|---|
| 005 | 20170124110124.0 | ||
| 010 | _a764623 | ||
| 020 |
_c00.00 _a436497026 |
||
| 035 | _a764623 | ||
| 037 | _bCen Lib/Ret | ||
| 040 |
_aDPL _bEN |
||
| 082 |
_aN _bSTO |
||
| 100 |
_aStory, Jack Trevor _931100 |
||
| 245 |
_aI sit in hanger lane / _cby Jack Trevor Story |
||
| 260 |
_aLondon _bSecker & Warburg _c1968 |
||
| 270 |
_a14 Carlisle Street _bLondon |
||
| 300 |
_a191p. _c18cm(Hb) |
||
| 650 |
_aEnglish fiction _9110755 |
||
| 650 |
_aShort stories _944 |
||
| 942 |
_2ddc _cEN _hN _mSTO |
||
| 999 |
_c131191 _d131191 |
||